Los colores primarios: tres ensayos
Wedi'i Gadw mewn:
| Prif Awdur: | |
|---|---|
| Fformat: | Llyfr |
| Iaith: | Sbaeneg |
| Cyhoeddwyd: |
Buenos Aires
La Bestia Equilátera
2013
|
| Rhifyn: | 1a. ed |
| Pynciau: | |
| Tagiau: |
Ychwanegu Tag
Dim Tagiau, Byddwch y cyntaf i dagio'r cofnod hwn!
|
MARC
| LEADER | 00000cam a2200000 a 4500 | ||
|---|---|---|---|
| 001 | UCE9223 | ||
| 003 | CL-VaPUC | ||
| 008 | 151009e20130000ag |||||||||||||||||spa|d | ||
| 020 | |a 9789871739714 | ||
| 082 | 0 | 4 | |a 814 |b THE |2 21 |
| 100 | 0 | |a Theroux, Alexander |e author |9 581986 | |
| 245 | 1 | 4 | |a Los colores primarios: tres ensayos |
| 250 | |a 1a. ed | ||
| 300 | |a 288 p | ||
| 942 | |c BK | ||
| 945 | |d 20151009 15:17:00 |a dcastane | ||
| 260 | |a Buenos Aires |b La Bestia Equilátera |c 2013 | ||
| 650 | 0 | |a Ensayos estadounidenses |9 268384 | |
| 583 | |a last modification |c 20151009 15:17:00 |k Rodrigo Vera | ||
| 999 | |c 360900 |d 360898 | ||
| 952 | |0 0 |1 0 |3 erb |4 0 |6 814_000000000000000_THE_2013 |7 0 |8 A |9 471163 |a BIBART |b BIBART |i 5241782 |l 4 |m 2 |o 814 THE 2013 |p 5241782 |r 2025-03-13 |s 2023-06-15 |w 2019-11-24 |y BK |z Catalogado en:20151009 |k ART | ||